| 000 | 01211nam0a2200301 4500 | ||
|---|---|---|---|
| 001 | RU\NLR\bibl\149893 | ||
| 005 | 20250618050926.0 | ||
| 010 |
_a5-8369-0107-4 _9500 |
||
| 021 |
_aRU _b2000-43078 _91994 |
||
| 035 | _a(NLR Aleph) 000146915 | ||
| 090 |
_a842271 _c842271 |
||
| 100 | _a20010418d2000 |||y0rusy50 ca | ||
| 101 | 0 | _arus | |
| 102 | _aRU | ||
| 105 | _ay ||||||||| | ||
| 200 | 1 |
_aОтветственность руководителя организации за нарушение законодательства о труде _fА.И. Ставцева, Н.Н. Шептулина |
|
| 210 |
_aМ. _cПроспект _d2000 |
||
| 215 |
_a143,[1] с. _d20 |
||
| 320 | _aБиблиогр. в подстроч. прим. | ||
| 606 | 0 |
_aРаботодатели _jРуководства, пособия и т.п. _xНарушение законодательства о труде _xОтветственность _92202901 _3RU\NLR\auth\661323681 |
|
| 686 | _aХ627.513я7 | ||
| 700 | 1 |
_aСтавцева _bА. И. _4070 |
|
| 701 | 1 |
_aШептулина _bН. Н. _4070 |
|
| 801 | 0 |
_aRU _bNLR _c20010418 _gPSBO |
|
| 801 | 1 |
_aRU _bNLR _c20010418 |
|
| 942 | _cBOOK | ||
| 980 | _aNB | ||